Estadísticas para casa enero

Haz click aquí para intentar la prueba.

Estadísticas generales

  • Esta prueba ha sido intentada 10 veces
  • La puntuación promedio es 6 de 9

Estadísticas de respuestas

Respuesta% Correcto
cruz
100%
ander
60%
blete
60%
cesar
60%
claudio
60%
edu
60%
illana
60%
aymane
50%
chaves
50%

Distribución de puntuación

Porcentaje por número respondido

Porcentaje de gente con cada puntuación

Historial de tus puntuaciones

No has intentado esta prueba.